Statistics for Badminton

Click here to take the quiz!

General Stats

  • This quiz has been taken 247 times
  • The average score is 4 of 6

Answer Stats

QuestionAnswer% Correct
How many points is a badminton game?21
98%
Jan O Jorgensen is from which country?Denmark
90%
Who won the gold medal in rio olmpic badminton games 2016?Chen Long
78%
Who was seeded 1 in the rio olmpic badminton games 2016?Lee Chong Wei
72%
Where did badminton originate?England
63%
Where will be the last tournament of every year?Dubai
28%

Score Distribution

Percentile by Number Answered

Percent of People with Each Score

Your Score History

You have not taken this quiz